000 00695nam a22001937a 4500
005 2010081904284.0
010 _aENG-100916
020 _a9788131722206
_c175.00
035 _aEN-84449
037 _bDBAD/PUB
082 _a650.13
100 _aVerma, Shalini
_915199
245 _aSoft skills :
_bfor the BPO sector /
_cby Shalini Verma
260 _aNew Delhi
_bPearson
_c2009
270 _a14 Local Shopping Centre, Panchsheel Park
_bNew Delhi
_e110017
300 _axii,247p.:
_bill.
_c19cm (pbk)
942 _2ddc
_cEN
_h650.13
_mVER
999 _c42552
_d42552